Voskresna pisnja

Bibliographic Details
Main Author: Kudzej, Jozef, 1952- (Author)
Format: Article
Language:Ukrainian
Subjects:

MARC

LEADER 00000nab a2200000 a 4500
001 vtls009358222
003 SK-MaSNL
005 20260304041422.0
008 081106c2008 xo mr p 000 c0ukr
015 |a SNBRB2008/11 
038 |a SVKPOCL 
040 |a SVKPOCL  |b slo  |c SVKPOCL  |e AACR2 
041 0 |a ukr 
044 |a xo  |c SK 
080 |a 821.161 (437.6)-1  |2 2001 
080 |a 821.161 (437.6)-97  |2 2001 
080 |a 244  |2 2001 
100 1 |a Kudzej, Jozef,  |d 1952-  |4 aut  |9 106760 
245 1 0 |a Voskresna pisnja  |c O. Kudzej 
500 |a Výber zo zbierky Duchovny pisni 
650 0 7 |a rusínska literatúra  |z Slovensko  |2 svkpocl  |9 1032171 
650 0 7 |a rusínska poézia  |z Slovensko  |2 svkpocl  |9 1032172 
651 7 |a Slovensko  |2 svkpocl 
655 7 |a náboženské básne, rusínske  |2 svkpocl  |9 1323296 
773 0 |t Info Rusyn  |g Roč. V, č. 5 (2008), s. [1] 
852 |a SVKPO  |b KIS3GCP 
958 |a RN 
958 |a SK 
958 |a NT 
958 |a LX 
999 |c 2668340  |d 2670270